[Event "XVI Coppa Europa a squadre ICSC"]
[Site "Kiev UKR"]
[Date "2003.04.17"]
[Round "1"]
[White "Surin, Vitaly"]
[Black "Grudina, Marco"]
[Result "1-0"]
[WhiteElo "2402"]
[BlackElo "1522"]
[PlyCount "59"]
[EventDate "2003.04.17"]

1. d4 d5 2. c4 c6 3. Nc3 Nf6 4. Nf3 e6 5. Bg5 Nbd7 6. e3 Qa5 7. Qc2 Bb4 8. Nd2
O-O 9. Nb3 Qa4 10. Bd3 Bxc3+ 11. Qxc3 dxc4 12. Qxc4 Qxc4 13. Bxc4 Re8 14. O-O
Nd5 15. Rac1 N7b6 16. Nd2 f6 17. Bh4 Bd7 18. Bb3 Ne7 19. Ne4 Rf8 20. Nc5 Kf7
21. Nxb7 Nf5 22. Bg3 Nxg3 23. hxg3 Ke7 24. e4 Rab8 25. Nc5 f5 26. Rfe1 fxe4 27.
Rxe4 Nd5 28. Rce1 Rf6 29. Re5 Kd6 30. Ne4+ 1-0

[Event "XVI Coppa Europa a squadre ICSC"]
[Site "Kiev UKR"]
[Date "2003.04.19"]
[Round "5"]
[White "Pasquotto, Mirko"]
[Black "Srdanovic, Josip"]
[Result "0-1"]
[WhiteElo "1627"]
[BlackElo "2063"]
[PlyCount "85"]
[EventDate "2003.04.17"]

1. e4 c5 2. Nf3 d6 3. d4 cxd4 4. Nxd4 Nf6 5. Nc3 g6 6. Be3 Bg7 7. f3 O-O 8. Qd2
Nc6 9. Bc4 Bd7 10. O-O-O Qc7 11. Bb3 Na5 12. Kb1 Nc4 13. Bxc4 Qxc4 14. h4 Rfc8
15. g4 b5 16. h5 b4 17. Nce2 e5 18. Nb3 a5 19. hxg6 fxg6 20. Ng3 a4 21. Na1 Be6
22. b3 Qa6 23. Rc1 Rc3 24. Rh2 d5 25. Qe2 axb3 26. cxb3 d4 27. Qxa6 Rxa6 28.
Rxc3 bxc3 29. Bh6 d3 30. Bxg7 Kxg7 31. g5 Nh5 32. Nxh5+ gxh5 33. Nc2 Rd6 34.
Ne3 Kg6 35. Rg2 h4 36. Kc1 h3 37. Rg1 h2 38. Rh1 Kxg5 39. Rxh2 Kf4 40. Nd1 c2
41. Nb2 Kxf3 42. Nxd3 Rxd3 43. Rxc2 0-1

[Event "XVI Coppa Europa a squadre ICSC"]
[Site "Kiev UKR"]
[Date "2003.04.20"]
[Round "7"]
[White "Pasquotto, Mirko"]
[Black "Krasnov, Vasiliy G."]
[Result "0-1"]
[WhiteElo "1627"]
[BlackElo "2182"]
[PlyCount "74"]
[EventDate "2003.04.17"]

1. e4 c5 2. Nf3 e6 3. d4 cxd4 4. Nxd4 a6 5. c4 Nf6 6. Nc3 Qc7 7. Be2 Bb4 8. Qd3
O-O 9. f4 d6 10. Bf3 Nbd7 11. Bd2 Nb6 12. b3 Nbd7 13. a3 Nc5 14. Qc2 Bxc3 15.
Bxc3 e5 16. Ne2 Bd7 17. fxe5 dxe5 18. Bb4 a5 19. Bxc5 Qxc5 20. Nc3 a4 21. b4
Qxc4 22. Be2 Qc7 23. Qd3 Be6 24. O-O Rfc8 25. Rac1 Bc4 26. Nd5 Bxd3 27. Nxc7
Bxe2 28. Nxa8 Rxa8 29. Rfe1 Bd3 30. Rc7 Bxe4 31. Re7 h5 32. Rxe5 Bd3 33. Re7 b5
34. R7e5 Rc8 35. Rc5 Rb8 36. Re3 Bc4 37. h3 Rd8 0-1

[Event "VI Weekend B"]
[Site "Porto Sant'Elpidio ITA"]
[Date "2003.11.15"]
[Round "1"]
[White "Biagetti, Valerio"]
[Black "Ragnini, Damiano"]
[Result "1-0"]
[WhiteElo "1668"]
[BlackElo "1483"]
[PlyCount "63"]
[EventDate "2003.11.15"]

1. e4 c5 2. Nc3 Nc6 3. g3 e6 4. Bg2 g6 5. f4 h5 6. Nf3 Nf6 7. O-O d6 8. Re1 Qb6
9. Na4 Qc7 10. b3 b5 11. Nc3 Bg7 12. Nxb5 Qb6 13. Nxd6+ Ke7 14. e5 Ng4 15. c4
a5 16. Ng5 f6 17. Ngf7 Rf8 18. h3 Nh6 19. Nxh6 Bxh6 20. Bb2 f5 21. Bf3 Bd7 22.
Kh2 Rh8 23. d4 Rag8 24. Bxc6 Bxc6 25. Ba3 h4 26. Bxc5 hxg3+ 27. Kg1 Qa6 28. d5
Ba8 29. Nxf5+ Kf7 30. dxe6+ Kxe6 31. Nxh6 Rxh6 32. Qg4+ 1-0

[Event "VI Weekend B"]
[Site "Porto Sant'Elpidio ITA"]
[Date "2003.11.15"]
[Round "1"]
[White "Bonoli, Luciano"]
[Black "Di Blasio, Walter"]
[Result "1-0"]
[WhiteElo "1657"]
[BlackElo "1447"]
[PlyCount "69"]
[EventDate "2003.11.15"]

1. Nf3 Nf6 2. c4 e6 3. Nc3 b6 4. g3 Bb7 5. Bg2 Be7 6. O-O O-O 7. d4 d5 8. cxd5
exd5 9. Bg5 Nbd7 10. Rc1 Ne4 11. Bxe7 Qxe7 12. e3 Rfd8 13. Re1 Ndf6 14. Ne5 c5
15. b3 Rac8 16. Nb5 a6 17. Nc3 b5 18. Nd3 c4 19. Bxe4 Nxe4 20. Nxe4 dxe4 21.
Nc5 cxb3 22. axb3 g6 23. b4 Ra8 24. Nxb7 Qxb7 25. Rc5 Rac8 26. Qb3 Rxc5 27.
bxc5 Kf8 28. Ra1 Qc6 29. Qa3 Ra8 30. Qb4 Ke8 31. Qa5 Kd7 32. Rd1 Qd5 33. Rc1
Qc6 34. Qa2 Qf6 35. Qd5+ 1-0

[Event "VI Weekend B"]
[Site "Porto Sant'Elpidio ITA"]
[Date "2003.11.15"]
[Round "1"]
[White "Cecannecchia, Gianluca"]
[Black "Perogio, Lorenzo"]
[Result "0-1"]
[WhiteElo "1477"]
[BlackElo "1666"]
[PlyCount "79"]
[EventDate "2003.11.15"]

1. e4 e5 2. Nf3 Nc6 3. Bc4 Nf6 4. d3 Be7 5. O-O O-O 6. Be3 d6 7. Nbd2 Na5 8. c3
Nxc4 9. Nxc4 Re8 10. Ncd2 Bf8 11. h3 b6 12. Qc2 Bb7 13. Rfe1 c5 14. Bg5 g6 15.
Rac1 Bg7 16. Nc4 Qc7 17. a3 d5 18. Ncd2 Nd7 19. Re2 c4 20. Rce1 cxd3 21. Qxd3
Nc5 22. Qc2 dxe4 23. Nh2 f5 24. Nb3 Ne6 25. Bc1 Ba6 26. Rd2 Bd3 27. Rxd3 exd3
28. Qxd3 Rad8 29. Qe2 e4 30. Nf1 Rd3 31. Rd1 Red8 32. Rxd3 Rxd3 33. f3 Nf4 34.
Bxf4 Qxf4 35. Nfd2 Be5 36. Nf1 Rd7 37. Nbd2 Bc7 38. Qc4+ Kg7 39. Qe2 exf3 40.
Nxf3 0-1

[Event "VI Weekend B"]
[Site "Porto Sant'Elpidio ITA"]
[Date "2003.11.15"]
[Round "1"]
[White "Cerusico, Carlo"]
[Black "Di Biagio, Angelo"]
[Result "0-1"]
[WhiteElo "1429"]
[BlackElo "1648"]
[PlyCount "62"]
[EventDate "2003.11.15"]

1. d4 Nf6 2. Nf3 d5 3. e3 e6 4. Bd3 Nbd7 5. O-O Bd6 6. Nbd2 O-O 7. Re1 c5 8. c3
e5 9. e4 dxe4 10. Nxe4 Nxe4 11. Bxe4 Qc7 12. Bxh7+ Kxh7 13. Ng5+ Kg6 14. Qd3+
e4 15. Qxe4+ f5 16. Qe6+ Nf6 17. Qc4 Bd7 18. Bd2 Bxh2+ 19. Kf1 cxd4 20. Qxd4
Bb5+ 21. Re2 Qc4 22. Qxc4 Bxc4 23. g3 Rfe8 24. Be3 Bxe2+ 25. Kxe2 Rxe3+ 26.
Kxe3 Kxg5 27. Rd1 f4+ 28. Kf3 fxg3 29. fxg3 Re8 30. c4 Re5 31. Rd2 Bxg3 0-1

[Event "VI Weekend B"]
[Site "Porto Sant'Elpidio ITA"]
[Date "2003.11.15"]
[Round "1"]
[White "Gasparroni, Roberto"]
[Black "Voicu, Joan Paul"]
[Result "0-1"]
[WhiteElo "1500"]
[BlackElo "1677"]
[PlyCount "34"]
[EventDate "2003.11.15"]

1. e4 d6 2. d4 Nf6 3. Nc3 g6 4. f4 Bg7 5. Nf3 c5 6. dxc5 Qa5 7. Bd2 Qxc5 8. Be2
O-O 9. Be3 Qxe3 10. Qd2 Qxd2+ 11. Nxd2 Nc6 12. h3 Nd4 13. O-O-O Be6 14. g4 Rac8
15. Bd3 a6 16. g5 Nh5 17. Rdf1 Ng3 0-1

[Event "VI Weekend B"]
[Site "Porto Sant'Elpidio ITA"]
[Date "2003.11.15"]
[Round "1"]
[White "Iori, Massimiliano"]
[Black "Di Cicco, Daniela"]
[Result "1-0"]
[WhiteElo "1641"]
[BlackElo "1338"]
[PlyCount "41"]
[EventDate "2003.11.15"]

1. d4 d5 2. c4 e6 3. Nf3 Nf6 4. Bg5 Nbd7 5. e3 Be7 6. Bd3 O-O 7. O-O h6 8. Bh4
Re8 9. Nc3 Nf8 10. Ne5 N6d7 11. f4 Nxe5 12. fxe5 Nd7 13. Bxe7 Qxe7 14. cxd5
exd5 15. Nxd5 Qd8 16. Qf3 Rf8 17. Qe4 g6 18. Rf2 c6 19. Nf6+ Nxf6 20. Rxf6 Kg7
21. Rxg6+ 1-0

[Event "VI Weekend B"]
[Site "Porto Sant'Elpidio ITA"]
[Date "2003.11.15"]
[Round "1"]
[White "Padovani, Alessio"]
[Black "Carletti, Adriano"]
[Result "1-0"]
[WhiteElo "1722"]
[BlackElo "1500"]
[PlyCount "93"]
[EventDate "2003.11.15"]

1. c4 Nf6 2. g3 g6 3. Bg2 Bg7 4. d4 O-O 5. e4 d6 6. Ne2 Nbd7 7. Be3 c5 8. Qc2
Rb8 9. h3 b6 10. g4 Bb7 11. d5 Ba8 12. a4 a6 13. Nbc3 Ne5 14. b3 Ned7 15. f4
Ne8 16. Rc1 Nc7 17. O-O b5 18. Ng3 Qe8 19. axb5 axb5 20. cxb5 Nxb5 21. Nxb5
Rxb5 22. Bd2 Qb8 23. Rb1 e6 24. dxe6 fxe6 25. Qc4 Re8 26. Rfe1 Kf8 27. Bc3 Nf6
28. g5 d5 29. exd5 Bxd5 30. Bxd5 Nxd5 31. Bxg7+ Kxg7 32. Rxe6 Rxe6 33. Qxd5 Qd6
34. Qf3 Qb6 35. Kh2 Re8 36. Ne4 Rb8 37. Qc3+ Kf7 38. Qc4+ Qe6 39. Nd6+ Ke7 40.
Nxb5 Qe3 41. Rb2 Qf3 42. Qxc5+ Kd7 43. Rd2+ Ke8 44. Nd6+ Kf8 45. Nf5+ Kg8 46.
Nh6+ Kg7 47. Rd7+ 1-0

[Event "VI Weekend B"]
[Site "Porto Sant'Elpidio ITA"]
[Date "2003.11.15"]
[Round "1"]
[White "Piantieri, Guido"]
[Black "Giobbi, Costantino"]
[Result "1/2-1/2"]
[WhiteElo "1509"]
[BlackElo "1782"]
[PlyCount "59"]
[EventDate "2003.11.15"]

1. e4 c5 2. Nf3 Nc6 3. d4 cxd4 4. Nxd4 Nf6 5. Nc3 e5 6. Nxc6 bxc6 7. Bd3 Be7 8.
O-O O-O 9. Bg5 Rb8 10. Rb1 Bb7 11. Be3 Ra8 12. f3 d5 13. Bf2 Qa5 14. a3 Qc7 15.
Ne2 Rfd8 16. Qc1 dxe4 17. Bxe4 Nxe4 18. fxe4 Bc8 19. Ng3 Be6 20. Be3 f6 21. Kh1
Rd7 22. Nf5 Bf8 23. Qe1 Bxf5 24. Rxf5 Rad8 25. Rf1 Qb7 26. b4 Qb5 27. Qc3 Kh8
28. Qb3 Qe2 29. Rbe1 Qg4 30. Qc4 1/2-1/2

[Event "VI Weekend B"]
[Site "Porto Sant'Elpidio ITA"]
[Date "2003.11.15"]
[Round "1"]
[White "Rastelli, Davide"]
[Black "Giri, Giovanni"]
[Result "1/2-1/2"]
[WhiteElo "1797"]
[BlackElo "1515"]
[PlyCount "83"]
[EventDate "2003.11.15"]

1. d4 Nf6 2. c4 g6 3. Nc3 Bg7 4. e4 d6 5. Bd3 O-O 6. Nge2 e5 7. Be3 Nc6 8. d5
Ne7 9. O-O Nd7 10. Qd2 f5 11. f3 f4 12. Bf2 g5 13. b4 Nf6 14. c5 Ng6 15. cxd6
cxd6 16. Rac1 Rf7 17. Rc2 h5 18. Rfc1 g4 19. Nb5 Ne8 20. Nxa7 Bd7 21. Bb5 Qg5
22. Kh1 h4 23. Bxd7 Rxd7 24. Nb5 h3 25. Rg1 Nh4 26. Bxh4 Qxh4 27. g3 fxg3 28.
Nxg3 Bh6 29. Nf5 Bxd2 30. Nxh4 Bxb4 31. Rxg4+ Kh7 32. Nf5 Ng7 33. Rh4+ Kg6 34.
Rh6+ Kg5 35. Nbxd6 Bxd6 36. Rxd6 Rf7 37. Nxg7 Rxg7 38. Re6 Kf4 39. Rf6+ Ke3 40.
Rf5 Rag8 41. Rc1 Kf2 42. Rc2+ 1/2-1/2

[Event "VI Weekend B"]
[Site "Porto Sant'Elpidio ITA"]
[Date "2003.11.16"]
[Round "2"]
[White "Baldelli, Alex"]
[Black "Bonoli, Luciano"]
[Result "1/2-1/2"]
[WhiteElo "1552"]
[BlackElo "1657"]
[PlyCount "57"]
[EventDate "2003.11.15"]

1. d4 e5 2. dxe5 Nc6 3. Nf3 Qe7 4. Nc3 Nxe5 5. Nxe5 Qxe5 6. Qd5 Bd6 7. e3 c6 8.
Qxe5+ Bxe5 9. Bd2 d5 10. Bd3 Nf6 11. O-O O-O 12. Rab1 Re8 13. Rfe1 Bd7 14. e4
d4 15. Na4 b6 16. f4 Bc7 17. e5 Nd5 18. b3 c5 19. Nb2 b5 20. Be4 Bc6 21. a4 a6
22. axb5 axb5 23. Ra1 Ne7 24. Bd3 g6 25. g3 Reb8 26. Kf2 Bb6 27. h3 Bc7 28. g4
Nd5 29. Be4 1/2-1/2

[Event "VI Weekend B"]
[Site "Porto Sant'Elpidio ITA"]
[Date "2003.11.16"]
[Round "2"]
[White "Baleani, Emanuele"]
[Black "Iori, Massimiliano"]
[Result "0-1"]
[WhiteElo "1551"]
[BlackElo "1641"]
[PlyCount "54"]
[EventDate "2003.11.15"]

1. e4 e5 2. Nf3 Nf6 3. Nxe5 d6 4. Nf3 Nxe4 5. d4 d5 6. Bd3 Bd6 7. O-O O-O 8. c4
c6 9. Nc3 Nxc3 10. bxc3 Bg4 11. Qc2 Bxf3 12. gxf3 Qh4 13. f4 Nd7 14. Kh1 Nf6
15. c5 Bxf4 16. Bxf4 Qxf4 17. f3 Rfe8 18. Rf2 Re3 19. Qd2 Rae8 20. Raf1 g6 21.
Be4 dxe4 22. Qc1 exf3 23. Rxf3 Rxf3 24. Qxf4 Rxf4 25. Rxf4 Nd5 26. Rf2 Nxc3 27.
Rb2 Re1+ 0-1

[Event "VI Weekend B"]
[Site "Porto Sant'Elpidio ITA"]
[Date "2003.11.16"]
[Round "2"]
[White "Di Biagio, Angelo"]
[Black "Basso, Fabrizio"]
[Result "1-0"]
[WhiteElo "1648"]
[BlackElo "1579"]
[PlyCount "137"]
[EventDate "2003.11.15"]

1. e4 c5 2. Nf3 d6 3. d4 cxd4 4. Nxd4 Nf6 5. Nc3 a6 6. Be2 e5 7. Nf3 Be7 8. O-O
O-O 9. Bg5 Be6 10. Qd2 Qc7 11. Rac1 Nbd7 12. Kh1 Rac8 13. h3 Bc4 14. Rfd1 Bxe2
15. Qxe2 Qc4 16. Qe3 Rc7 17. Nh4 Rfc8 18. Nf5 Bf8 19. Nxd6 Bxd6 20. Rxd6 Qb4
21. Rxd7 Rxd7 22. Bxf6 gxf6 23. Nd5 Rxd5 24. exd5 Qxb2 25. c4 Qd4 26. Qg3+ Kf8
27. Qg4 Qxg4 28. hxg4 Rc5 29. Rb1 b5 30. cxb5 Rxb5 31. Rd1 Rb2 32. d6 Ke8 33.
d7+ Kd8 34. f3 Rxa2 35. Rd6 a5 36. Rxf6 Kxd7 37. Rxf7+ Ke6 38. Rxh7 Kf6 39. Kh2
a4 40. Ra7 a3 41. Ra6+ Kg5 42. Kg3 Ra1 43. Ra5 Kf6 44. g5+ Kxg5 45. Rxe5+ Kf6
46. Ra5 Ra2 47. Kf4 Rxg2 48. Rxa3 Rb2 49. Ra6+ Kf7 50. Kf5 Rb5+ 51. Kg4 Rc5 52.
f4 Rc4 53. Kg5 Rc5+ 54. f5 Rc1 55. Ra7+ Kf8 56. Kg6 Rb1 57. Ra8+ Ke7 58. f6+
Ke6 59. Re8+ Kd7 60. Re5 Ra1 61. f7 Rg1+ 62. Kf6 Rf1+ 63. Kg6 Rg1+ 64. Kh7 Rh1+
65. Kg7 Rg1+ 66. Kf8 Rg2 67. Rh5 Rf2 68. Rh7 Rg2 69. Rg7 1-0

[Event "VI Weekend B"]
[Site "Porto Sant'Elpidio ITA"]
[Date "2003.11.16"]
[Round "2"]
[White "Fratini, Mauro"]
[Black "Rastelli, Davide"]
[Result "0-1"]
[WhiteElo "1630"]
[BlackElo "1797"]
[PlyCount "73"]
[EventDate "2003.11.15"]

1. d4 d5 2. Nf3 Nf6 3. Bf4 e6 4. e3 Bd6 5. Bg5 O-O 6. Nbd2 c6 7. c3 Nbd7 8. Bd3
Qc7 9. Ne5 Bxe5 10. dxe5 Nxe5 11. Bc2 Ned7 12. O-O Re8 13. f4 h6 14. Bh4 Nh7
15. Bg3 Qb6 16. Bxh7+ Kxh7 17. Qc2+ f5 18. Rab1 Nf6 19. h3 Qc7 20. Nf3 b6 21.
Bh2 Ba6 22. g4 Bxf1 23. Rxf1 Ne4 24. gxf5 exf5 25. Ne5 c5 26. Qg2 Qd6 27. h4
Qe6 28. h5 Rad8 29. Rd1 Nf6 30. Qg6+ Kg8 31. Bg3 Ng4 32. Qxe6+ Rxe6 33. Nxg4
fxg4 34. Kf2 Kf7 35. Bh4 Rd7 36. b3 g6 37. hxg6+ 0-1

[Event "VI Weekend B"]
[Site "Porto Sant'Elpidio ITA"]
[Date "2003.11.16"]
[Round "2"]
[White "Giri, Giovanni"]
[Black "Piantieri, Guido"]
[Result "0-1"]
[WhiteElo "1515"]
[BlackElo "1509"]
[PlyCount "102"]
[EventDate "2003.11.15"]

1. e4 d5 2. exd5 Nf6 3. d4 Nxd5 4. c4 Nf6 5. Nc3 e6 6. Nf3 Nc6 7. Bg5 h6 8. Bh4
Bd6 9. a3 O-O 10. Bd3 Re8 11. O-O Kh8 12. Bc2 Bd7 13. Qd3 g6 14. Ne4 Be7 15.
Rfe1 Nxe4 16. Bxe7 Qxe7 17. Qxe4 Qf6 18. Rad1 Rab8 19. Ne5 Nxe5 20. dxe5 Qe7
21. Qe3 Kg7 22. Qxa7 Bc6 23. Qe3 Red8 24. b4 Ra8 25. Rxd8 Qxd8 26. b5 Be8 27.
a4 c6 28. Rd1 Qh4 29. Rd4 Qe7 30. Rd6 cxb5 31. cxb5 Bxb5 32. axb5 Qxd6 33. h4
Qe7 34. Qe4 Ra1+ 35. Kh2 Rc1 36. h5 Qg5 37. hxg6 Qh5+ 38. Kg3 Qxg6+ 39. Qxg6+
fxg6 40. Be4 Rc5 41. Bxb7 Rxb5 42. Bc8 Rxe5 43. f4 Re1 44. Kf2 Ra1 45. Bxe6 Ra3
46. Bd5 Kf6 47. g4 h5 48. Bf3 h4 49. Kg2 h3+ 50. Kg3 h2 51. Kf2 Rxf3+ 0-1

[Event "VI Weekend B"]
[Site "Porto Sant'Elpidio ITA"]
[Date "2003.11.16"]
[Round "2"]
[White "Marinucci, Johnny"]
[Black "Biagetti, Valerio"]
[Result "1-0"]
[WhiteElo "1588"]
[BlackElo "1668"]
[PlyCount "67"]
[EventDate "2003.11.15"]

1. d4 Nf6 2. Bf4 c5 3. e3 Nc6 4. c3 cxd4 5. exd4 Qa5 6. Nf3 d6 7. Nbd2 g6 8. h3
Bg7 9. Be2 O-O 10. O-O Qf5 11. Bh2 e5 12. Nc4 Rd8 13. Ne3 Qd7 14. dxe5 dxe5 15.
Nxe5 Qe6 16. Nd3 Ne4 17. Qc2 Bh6 18. Ng4 Bg7 19. Rad1 h5 20. Ne3 b6 21. Bf3 Bb7
22. Nf4 Nd4 23. Nxe6 Nxc2 24. Rxd8+ Rxd8 25. Nxd8 Nxe3 26. fxe3 Ba8 27. Bxe4
Bxe4 28. Rxf7 Bh6 29. Bf4 g5 30. Be5 g4 31. Bd4 g3 32. Rxa7 b5 33. Ne6 Bd3 34.
Nf4 1-0

[Event "VI Weekend B"]
[Site "Porto Sant'Elpidio ITA"]
[Date "2003.11.16"]
[Round "2"]
[White "Morici, Marco"]
[Black "Padovani, Alessio"]
[Result "0-1"]
[WhiteElo "1606"]
[BlackElo "1722"]
[PlyCount "38"]
[EventDate "2003.11.15"]

1. c4 f5 2. Nc3 e6 3. d4 Nf6 4. Nf3 Be7 5. g3 O-O 6. d5 d6 7. dxe6 Bxe6 8. Nd4
Bxc4 9. Nxf5 Ng4 10. Qd4 Ne5 11. Ne3 Be6 12. Bg2 Nbc6 13. Qd1 Qc8 14. O-O Bh3
15. Bxh3 Qxh3 16. Qb3+ Kh8 17. Qxb7 Rab8 18. Qa6 Nd4 19. Qa4 Ndf3+ 0-1

[Event "VI Weekend B"]
[Site "Porto Sant'Elpidio ITA"]
[Date "2003.11.16"]
[Round "2"]
[White "Perogio, Lorenzo"]
[Black "Olivieri, Gianni"]
[Result "1-0"]
[WhiteElo "1666"]
[BlackElo "1600"]
[PlyCount "51"]
[EventDate "2003.11.15"]

1. e4 e5 2. Nf3 Nc6 3. Bb5 a6 4. Bxc6 dxc6 5. d4 exd4 6. Qxd4 Qxd4 7. Nxd4 c5
8. Ne2 Be6 9. a4 Nf6 10. Nbc3 Be7 11. f4 O-O 12. O-O c6 13. Ng3 g6 14. f5 Bd7
15. e5 Ng4 16. f6 Bd8 17. Bf4 Bc7 18. Rad1 Rad8 19. Rfe1 Bc8 20. Rxd8 Bxd8 21.
h3 Nxf6 22. exf6 Bxf6 23. Nge4 Bd4+ 24. Be3 Re8 25. Bxd4 cxd4 26. Nf6+ 1-0

[Event "VI Weekend B"]
[Site "Porto Sant'Elpidio ITA"]
[Date "2003.11.16"]
[Round "2"]
[White "Voicu, Joan Paul"]
[Black "Trancanelli, Claudio"]
[Result "1-0"]
[WhiteElo "1677"]
[BlackElo "1614"]
[PlyCount "61"]
[EventDate "2003.11.15"]

1. e4 e5 2. Nf3 Nc6 3. Bb5 a6 4. Bxc6 dxc6 5. O-O Bg4 6. h3 h5 7. d3 Qf6 8.
Nbd2 Bc5 9. c3 O-O-O 10. hxg4 hxg4 11. Nh2 Nh6 12. Nb3 g3 13. Nxc5 gxh2+ 14.
Kh1 g5 15. Be3 Qe7 16. Qb3 b6 17. Nxa6 Rxd3 18. Bxb6 cxb6 19. Qxb6 Qb7 20.
Qxb7+ Kxb7 21. Nc5+ Kc7 22. Nxd3 f6 23. f3 g4 24. f4 g3 25. fxe5 fxe5 26. Nxe5
Re8 27. Rf6 Rxe5 28. Rxh6 Rxe4 29. Rg6 Re3 30. a4 Kb6 31. a5+ 1-0

[Event "VI Weekend B"]
[Site "Porto Sant'Elpidio ITA"]
[Date "2003.11.16"]
[Round "3"]
[White "Basso, Fabrizio"]
[Black "Giobbi, Costantino"]
[Result "1/2-1/2"]
[WhiteElo "1579"]
[BlackElo "1782"]
[PlyCount "64"]
[EventDate "2003.11.15"]

1. d4 d5 2. c4 e6 3. Nc3 Nf6 4. Bg5 Be7 5. cxd5 exd5 6. e3 O-O 7. Nf3 c6 8. Bd3
Nh5 9. Bxe7 Qxe7 10. O-O Nf6 11. Ne5 Nbd7 12. f4 Ne4 13. Nxe4 dxe4 14. Bxe4 Nf6
15. Bc2 Be6 16. e4 Rad8 17. f5 Bc8 18. Nxc6 bxc6 19. e5 c5 20. exf6 Qxf6 21. d5
Qxb2 22. f6 Qd4+ 23. Qxd4 cxd4 24. fxg7 Kxg7 25. Bb3 Bb7 26. Rf5 d3 27. Bc4 Rd6
28. Rd1 Rc8 29. Bxd3 Rxd5 30. Rxd5 Bxd5 31. Bxh7 Bxa2 32. Be4 Be6 1/2-1/2

[Event "VI Weekend B"]
[Site "Porto Sant'Elpidio ITA"]
[Date "2003.11.16"]
[Round "3"]
[White "Biagetti, Valerio"]
[Black "Di Blasio, Walter"]
[Result "1/2-1/2"]
[WhiteElo "1668"]
[BlackElo "1447"]
[PlyCount "71"]
[EventDate "2003.11.15"]

1. e4 c6 2. d4 d5 3. Nd2 dxe4 4. Nxe4 Bf5 5. Ng3 Bg6 6. Nf3 Nd7 7. Nh4 Ngf6 8.
Nxg6 hxg6 9. Bc4 e6 10. O-O Be7 11. Re1 Qc7 12. Qf3 O-O-O 13. Bf4 Bd6 14. Bxd6
Qxd6 15. Rad1 Rh4 16. c3 Rdh8 17. h3 g5 18. Ne4 Nxe4 19. Rxe4 Rxe4 20. Qxe4 Nf6
21. Qe3 g4 22. Qe5 Qxe5 23. dxe5 Nd7 24. hxg4 Nxe5 25. Be2 Rd8 26. Rxd8+ Kxd8
27. c4 a5 28. a3 c5 29. f4 Nc6 30. Bf3 Kc7 31. Kf2 Nd4 32. Be4 b6 33. g5 Kd6
34. g4 g6 35. Ke3 Ke7 36. Kd3 1/2-1/2

[Event "VI Weekend B"]
[Site "Porto Sant'Elpidio ITA"]
[Date "2003.11.16"]
[Round "3"]
[White "Bonoli, Luciano"]
[Black "Piantieri, Guido"]
[Result "1-0"]
[WhiteElo "1657"]
[BlackElo "1509"]
[PlyCount "79"]
[EventDate "2003.11.15"]

1. c4 Nf6 2. g3 g6 3. Bg2 Bg7 4. Nc3 e5 5. d3 O-O 6. Bg5 Qe8 7. Nd5 Nxd5 8.
Bxd5 c6 9. Bg2 d6 10. e4 Nd7 11. Qd2 Nc5 12. b4 Ne6 13. Bh6 Nd4 14. Bxg7 Kxg7
15. Ne2 Ne6 16. O-O f5 17. exf5 Rxf5 18. d4 Ng5 19. dxe5 Nf3+ 20. Bxf3 Rxf3 21.
Nd4 Rf8 22. exd6 Rf7 23. Rfe1 Qd7 24. Re3 c5 25. bxc5 Qa4 26. Qc3 Kg8 27. Rae1
Bh3 28. a3 Raf8 29. f4 g5 30. Re5 Qd7 31. Rxg5+ Rg7 32. Re7 Rxg5 33. Rxd7 Rxf4
34. Rd8+ Kf7 35. Qe1 Re5 36. Qb1 Rf1+ 37. Qxf1+ Bxf1 38. Kxf1 Rxc5 39. Rd7+ Kg6
40. Nf3 1-0

[Event "VI Weekend B"]
[Site "Porto Sant'Elpidio ITA"]
[Date "2003.11.16"]
[Round "3"]
[White "Carletti, Adriano"]
[Black "Fratini, Mauro"]
[Result "1/2-1/2"]
[WhiteElo "1500"]
[BlackElo "1630"]
[PlyCount "70"]
[EventDate "2003.11.15"]

1. e4 Nf6 2. Nc3 d5 3. e5 d4 4. exf6 dxc3 5. bxc3 exf6 6. Be2 Be7 7. Nf3 O-O 8.
O-O c5 9. Ne1 Nd7 10. Nd3 Ne5 11. Bb2 Qc7 12. Re1 Bd6 13. g3 b6 14. Nxe5 fxe5
15. Bf3 Bb7 16. c4 Bxf3 17. Qxf3 Rad8 18. d3 f6 19. a4 Qd7 20. Bc3 Rb8 21. Reb1
Bc7 22. Rb3 f5 23. Rab1 a6 24. Re1 Rfe8 25. a5 b5 26. cxb5 axb5 27. a6 b4 28.
a7 Ra8 29. Bb2 Bb6 30. Rxe5 Bxa7 31. Kg2 Rxe5 32. Bxe5 Re8 33. Bf4 Bb6 34. Rb1
Bd8 35. Ra1 Bf6 1/2-1/2

[Event "VI Weekend B"]
[Site "Porto Sant'Elpidio ITA"]
[Date "2003.11.16"]
[Round "3"]
[White "Gasparroni, Roberto"]
[Black "Giri, Giovanni"]
[Result "0-1"]
[WhiteElo "1500"]
[BlackElo "1515"]
[PlyCount "46"]
[EventDate "2003.11.15"]

1. Nf3 Nf6 2. d4 g6 3. c4 Bg7 4. Nc3 O-O 5. e4 d6 6. Bd3 e5 7. d5 a5 8. a4 Na6
9. O-O Nc5 10. Be2 Ncxe4 11. Nxe4 Nxe4 12. Qc2 f5 13. Nd2 Nc5 14. f4 exf4 15.
Rxf4 Be5 16. Rf2 Bd4 17. Nf3 Bxf2+ 18. Kxf2 Ne4+ 19. Kg1 Qe7 20. Bh6 Re8 21.
Re1 Qf6 22. Qc1 Bd7 23. Ng5 Qd4+ 0-1

[Event "VI Weekend B"]
[Site "Porto Sant'Elpidio ITA"]
[Date "2003.11.16"]
[Round "3"]
[White "Iori, Massimiliano"]
[Black "Voicu, Joan Paul"]
[Result "1/2-1/2"]
[WhiteElo "1641"]
[BlackElo "1677"]
[PlyCount "76"]
[EventDate "2003.11.15"]

1. d4 Nf6 2. Nf3 e6 3. e3 c5 4. c4 cxd4 5. exd4 Nc6 6. Nc3 Bb4 7. Bd3 d5 8. O-O
O-O 9. Bg5 dxc4 10. Bxc4 b6 11. Bd3 Bb7 12. Rc1 Rc8 13. d5 Na5 14. dxe6 fxe6
15. Qe2 Bxc3 16. bxc3 Qd5 17. Rfd1 Qc6 18. Bb5 Qc5 19. Qxe6+ Kh8 20. Bd7 Nxd7
21. Be7 Qh5 22. Rxd7 Bxf3 23. Bxf8 Rxf8 24. Qe7 Rg8 25. gxf3 Nc6 26. Qe3 Ne5
27. Rxa7 Nxf3+ 28. Kg2 Qg4+ 29. Kh1 Qh5 30. Qf4 Qd5 31. Qg3 Ng5+ 32. f3 Nxf3
33. Qg2 g5 34. c4 Qe4 35. Rf1 g4 36. Rxf3 Qxf3 37. Qxf3 gxf3 38. Rf7 Re8
1/2-1/2

[Event "VI Weekend B"]
[Site "Porto Sant'Elpidio ITA"]
[Date "2003.11.16"]
[Round "3"]
[White "Marinucci, Johnny"]
[Black "Perogio, Lorenzo"]
[Result "0-1"]
[WhiteElo "1588"]
[BlackElo "1666"]
[PlyCount "102"]
[EventDate "2003.11.15"]

1. d4 Nf6 2. Bf4 e6 3. e3 b6 4. Nd2 Be7 5. Ngf3 O-O 6. Bd3 d5 7. Ne5 Bb7 8. Qf3
c5 9. c3 Nbd7 10. Qh3 Re8 11. g4 g6 12. Qg2 Nxe5 13. Bxe5 Nd7 14. Bg3 Bh4 15.
f4 Bf6 16. Nf3 Bg7 17. g5 h5 18. gxh6 Bxh6 19. Bh4 Qc7 20. Kd2 Kg7 21. Bg5 Rh8
22. Bxh6+ Rxh6 23. h4 Rf8 24. Ng5 Nf6 25. Nf3 Re8 26. Ne5 Reh8 27. Rag1 Ne4+
28. Bxe4 dxe4 29. h5 cxd4 30. cxd4 Rc8 31. Rc1 Qe7 32. a3 Rxc1 33. Kxc1 Qe8 34.
hxg6 Rxh1+ 35. Qxh1 fxg6 36. Qg2 Bd5 37. Qc2 Qe7 38. Qc8 Qh4 39. Qd7+ Kh6 40.
Qa4 Qe1+ 41. Qd1 Qxe3+ 42. Qd2 Qxd2+ 43. Kxd2 g5 44. fxg5+ Kxg5 45. Ke3 Kh4 46.
b4 Kg3 47. Nf7 Kg4 48. Nd6 a5 49. Nc8 axb4 50. axb4 b5 51. Na7 Bc4 0-1

[Event "VI Weekend B"]
[Site "Porto Sant'Elpidio ITA"]
[Date "2003.11.16"]
[Round "3"]
[White "Olivieri, Gianni"]
[Black "Di Cicco, Daniela"]
[Result "1-0"]
[WhiteElo "1600"]
[BlackElo "1338"]
[PlyCount "81"]
[EventDate "2003.11.15"]

1. d4 d5 2. c4 e6 3. Nf3 Nf6 4. e3 Nbd7 5. cxd5 exd5 6. Nc3 Be7 7. Bd3 O-O 8.
O-O h6 9. Qc2 Re8 10. e4 Nf8 11. Re1 Bg4 12. Ne5 Bh5 13. Nxd5 Nxd5 14. exd5
Qxd5 15. Be3 c6 16. Bc4 Qd6 17. g4 Bg6 18. Nxg6 Nxg6 19. Qb3 Qf6 20. Rad1 b6
21. Bc1 Nh4 22. Re3 Rad8 23. Rh3 Ng6 24. Rf3 Qxf3 25. Qxf3 Rf8 26. Qxc6 Rd6 27.
Qb7 a5 28. Be3 Bf6 29. Qc7 Be7 30. d5 Re8 31. Bxb6 a4 32. Bc5 Rdd8 33. d6 Rc8
34. d7 Rxc7 35. dxe8=Q+ Kh7 36. Bxe7 Rxc4 37. Rd8 Nxe7 38. Qxe7 Rxg4+ 39. Kf1
Rf4 40. Qe5 Rb4 41. Qf5+ 1-0